Szczegóły MARC21

Polityka społeczna w Unii Europejskiej : aspekty aksjologiczne i empiryczne /

003 -Nazwa inst., której nr kontr. jest w polu 001 [,]
    • @
    • Nazwa instytucji, której n kontrolny jest w polu 001
    • NUKAT
005 -DATA I CZAS OSTATNIEJ MODYFIKACJI [,]
    • @
    • pole kontrolne
    • 20241231095326.0
020 -Międzynarod. znormalizowany nr książki - ISBN [ , ]
    • a
    • Numer ISBN
    • 837151414X Find
040 -Instytucja sporządzająca opis [ , ]
    • a
    • Instytucja, która sporządziła opis (NP)
    • GD PAN/EC
    • c
    • Instytucja, która sporządziła rekord (NP)
    • GD PAN/EC
    • d
    • Instytucja, która zmodyfikowała rekord (P)
    • GD PAN/KM
    • d
    • Instytucja, która zmodyfikowała rekord (P)
    • GD PAN/JSs
041 -Język dokumentu [0, ]
    • a
    • Język tekstu (P)
    • polski
    • b
    • Język streszczeń lub abstraktu (P)
    • eng
942 -Rodzaj dokumentu [ , ]
    • c
    • Rodzaj dokumentu
    • Książka
100 -Hasło główne - nazwa osobowa [1, ]
    • a
    • Nazwa osobowa (NP)
    • Głąbicka-Auleytner, Katarzyna.
    • 9
    • KHW
    • 13394
245 -Strefa tytułu i oznaczenia odpowiedzialności [1,0]
    • a
    • Tytuł
    • Polityka społeczna w Unii Europejskiej : Find
    • b
    • Ciąg dalszy tytułu (NP)
    • aspekty aksjologiczne i empiryczne / Find
    • c
    • Pozostałe elementy strefy tytułu i oznaczenia odpowiedzialności (NP)
    • Katarzyna Głąbicka ; Wyższa Szkoła Pedagogiczna Towarzystwa Wiedzy Powszechnej w Warszawie.
260 -Strefa adresu wydawniczego [ , ]
    • a
    • Miejsce wydania (P)
    • Warszawa :
    • b
    • Nazwa wydawcy (P)
    • Elipsa,
    • c
    • Data wydania (P)
    • 2001.
300 -Strefa opisu fizycznego [ , ]
    • a
    • Określenie formy książki i/lub objętość (NP)
    • 414 s. ;
    • c
    • Format (NP)
    • 24 cm.
336 -Typ zawartości [ , ]
    • a
    • Termin opisujący typ zawartości
    • Tekst
    • b
    • Kod określający zawartość
    • txt
    • 2
    • Źródło (terminu i kodu)
    • rdacontent
337 -Typ mediów [ , ]
    • a
    • Tryb odtwarzania
    • Bez urządzenia pośredniczącego
    • b
    • Kod typu mediów
    • n
    • 2
    • Źródło (terminu i kodu)
    • rdamedia
338 -Typ/rodzaj nośnika [ , ]
    • a
    • Hasło opisujące typ nośnika
    • Wolumin
    • b
    • Kod typu nośnika
    • nc
    • 2
    • Źródło (terminu i kodu)
    • rdacarrier
504 -Uwaga dot. bibliogr. załącznikowej [ , ]
    • a
    • Uwaga dot. bibliografii załącznikowej
    • Bibliogr. s. 392-407.
504 -Uwaga dot. bibliogr. załącznikowej [ , ]
    • a
    • Uwaga dot. bibliografii załącznikowej
    • Indeks.
546 -Uwaga dot. języka [ , ]
    • a
    • Uwaga dot. języka
    • Streszcz. ang.
080 -Uniwersalna Klasyfikacja Dziesiętna [ , ]
    • a
    • Symbol klasyfikacji
    • 364".../19"
080 -Uniwersalna Klasyfikacja Dziesiętna [ , ]
    • a
    • Symbol klasyfikacji
    • +304(4-67)
651 -Hasło przedmiotowe w formie nazwy geograficznej [ ,7]
    • a
    • Nazwa geograficzna
    • Kraje Unii Europejskiej
    • x
    • Określnik rzeczowy
    • polityka społeczna.
    • 2
    • Źródło terminu
    • kaba
    • 9
    • KHW
    • 115702
980 -Symbol UKD [ , ]
    • a
    • UKD
    • 364".../19"+304(4-67)
710 -Hasło dodatkowe - nazwa ciała zbiorowego [2, ]
    • a
    • Nazwa ciała zbiorowego lub nazwa geograficzna jako pierwszy element (NP)
    • Dom Wydawniczy i Handlowy Elipsa.
    • 4
    • Kod relacji
    • pbl
    • 9
    • KHW
    • 52860
920 -ISBN [ , ]
    • a
    • ISBN
    • 83-7151-414-X Find
Lokalizacja Data inwentaryzacji Status udost. Numer inwentarzowy Sygnatura
BE2001-09-27-2E.67886 
BE2001-09-27-3S.88268 
BE2003-05-29-2S.90593 
BG2001-06-121CDE.597 
BG2002-01-29-3W.206080W.206080
BG2002-01-29-3W.206081W.206080
BG2002-01-29-3W.206082W.206080
BG2002-01-29-3W.206083W.206080
BG2002-01-29-3W.206084W.206080
BG2002-01-291Z.98517Z.98517
BG2003-04-09-3Pd.15133 
BNS2001-09-271F.30587 
BNS2002-01-29-2F.30767